<?xml version="1.0" encoding="UTF-8"?>
<collection xmlns="http://www.loc.gov/MARC21/slim">
 <record>
  <leader>02109nam a22002657a 4500</leader>
  <controlfield tag="001">NCT_4_009103</controlfield>
  <controlfield tag="008">240617b        xxu||||| |||| 00| 0 vie d</controlfield>
  <datafield tag="999" ind1=" " ind2=" ">
   <subfield code="c">8397</subfield>
   <subfield code="d">8397</subfield>
  </datafield>
  <datafield tag="020" ind1=" " ind2=" ">
   <subfield code="a">9786044804675</subfield>
   <subfield code="c">199000</subfield>
  </datafield>
  <datafield tag="082" ind1="0" ind2="4">
   <subfield code="2">23rd ed.</subfield>
   <subfield code="a">658.4092</subfield>
   <subfield code="b">M465</subfield>
  </datafield>
  <datafield tag="100" ind1="1" ind2=" ">
   <subfield code="a">Maxwell, John C.</subfield>
  </datafield>
  <datafield tag="245" ind1="1" ind2="0">
   <subfield code="a">21 nguyên tắc vàng của nghệ thuật lãnh đạo</subfield>
   <subfield code="c">John C. Maxwell; Đinh Việt Hòa (dịch)</subfield>
  </datafield>
  <datafield tag="250" ind1=" " ind2=" ">
   <subfield code="a">Tái bản lần thứ 15</subfield>
  </datafield>
  <datafield tag="260" ind1=" " ind2=" ">
   <subfield code="a">H.</subfield>
   <subfield code="b">Lao động</subfield>
   <subfield code="c">2023</subfield>
  </datafield>
  <datafield tag="300" ind1=" " ind2=" ">
   <subfield code="a">434 tr.</subfield>
   <subfield code="c">21cm</subfield>
  </datafield>
  <datafield tag="520" ind1="3" ind2=" ">
   <subfield code="a">Quyển sách &quot;21 Nguyên Tắc Vàng Của Nghệ Thuật Lãnh Đạo&quot; là những chắt lọc từ kiến thức và kinh nghiệm trong hơn 30 năm giảng dạy và thực hành nghệ thuật lãnh đạo của John C. Maxwell. Đó là những nguyên tắc mà theo Maxwell, các nhà lãnh đạo nên vận dụng và thực hành một cách linh hoạt, thường xuyên, để đảm nhiệm vai trò và vị trí của mình một cách toàn diện, đồng thời dẫn dắt người khác cùng đi đến thành công.</subfield>
  </datafield>
  <datafield tag="653" ind1=" " ind2=" ">
   <subfield code="a">Quản trị kinh doanh</subfield>
  </datafield>
  <datafield tag="700" ind1="1" ind2=" ">
   <subfield code="a">Đinh Việt Hòa</subfield>
   <subfield code="e">Dịch</subfield>
  </datafield>
  <datafield tag="942" ind1=" " ind2=" ">
   <subfield code="2">ddc</subfield>
   <subfield code="c">BK</subfield>
  </datafield>
  <datafield tag="952" ind1=" " ind2=" ">
   <subfield code="0">0</subfield>
   <subfield code="1">0</subfield>
   <subfield code="2">ddc</subfield>
   <subfield code="4">0</subfield>
   <subfield code="6">658_409200000000000_M465</subfield>
   <subfield code="7">0</subfield>
   <subfield code="9">28987</subfield>
   <subfield code="a">000001</subfield>
   <subfield code="b">000001</subfield>
   <subfield code="d">2024-06-17</subfield>
   <subfield code="o">658.4092 M465</subfield>
   <subfield code="p">MD.22550</subfield>
   <subfield code="r">2024-06-17</subfield>
   <subfield code="v">199000.00</subfield>
   <subfield code="w">2024-06-17</subfield>
   <subfield code="y">BK</subfield>
  </datafield>
  <datafield tag="952" ind1=" " ind2=" ">
   <subfield code="0">0</subfield>
   <subfield code="1">0</subfield>
   <subfield code="2">ddc</subfield>
   <subfield code="4">0</subfield>
   <subfield code="6">658_409200000000000_M465</subfield>
   <subfield code="7">0</subfield>
   <subfield code="9">28988</subfield>
   <subfield code="a">000001</subfield>
   <subfield code="b">000001</subfield>
   <subfield code="d">2024-06-17</subfield>
   <subfield code="o">658.4092 M465</subfield>
   <subfield code="p">MD.22551</subfield>
   <subfield code="r">2024-06-17</subfield>
   <subfield code="v">199000.00</subfield>
   <subfield code="w">2024-06-17</subfield>
   <subfield code="y">BK</subfield>
  </datafield>
  <datafield tag="952" ind1=" " ind2=" ">
   <subfield code="0">0</subfield>
   <subfield code="1">0</subfield>
   <subfield code="2">ddc</subfield>
   <subfield code="4">0</subfield>
   <subfield code="6">658_409200000000000_M465</subfield>
   <subfield code="7">0</subfield>
   <subfield code="9">28989</subfield>
   <subfield code="a">000001</subfield>
   <subfield code="b">000001</subfield>
   <subfield code="d">2024-06-17</subfield>
   <subfield code="o">658.4092 M465</subfield>
   <subfield code="p">MD.22552</subfield>
   <subfield code="r">2024-06-17</subfield>
   <subfield code="v">199000.00</subfield>
   <subfield code="w">2024-06-17</subfield>
   <subfield code="y">BK</subfield>
  </datafield>
  <datafield tag="952" ind1=" " ind2=" ">
   <subfield code="0">0</subfield>
   <subfield code="1">0</subfield>
   <subfield code="2">ddc</subfield>
   <subfield code="4">0</subfield>
   <subfield code="6">658_409200000000000_M465</subfield>
   <subfield code="7">0</subfield>
   <subfield code="9">28990</subfield>
   <subfield code="a">000001</subfield>
   <subfield code="b">000001</subfield>
   <subfield code="d">2024-06-17</subfield>
   <subfield code="o">658.4092 M465</subfield>
   <subfield code="p">MD.22553</subfield>
   <subfield code="r">2024-06-17</subfield>
   <subfield code="v">199000.00</subfield>
   <subfield code="w">2024-06-17</subfield>
   <subfield code="y">BK</subfield>
  </datafield>
  <datafield tag="952" ind1=" " ind2=" ">
   <subfield code="0">0</subfield>
   <subfield code="1">0</subfield>
   <subfield code="2">ddc</subfield>
   <subfield code="4">0</subfield>
   <subfield code="6">658_409200000000000_M465</subfield>
   <subfield code="7">0</subfield>
   <subfield code="9">28991</subfield>
   <subfield code="a">000001</subfield>
   <subfield code="b">000001</subfield>
   <subfield code="d">2024-06-17</subfield>
   <subfield code="o">658.4092 M465</subfield>
   <subfield code="p">MD.22554</subfield>
   <subfield code="r">2024-06-17</subfield>
   <subfield code="v">199000.00</subfield>
   <subfield code="w">2024-06-17</subfield>
   <subfield code="y">BK</subfield>
  </datafield>
  <datafield tag="980" ind1=" " ind2=" ">
   <subfield code="a">Thư viện Trường Đại học Nam Cần Thơ</subfield>
  </datafield>
 </record>
</collection>
